Baby Einstein. Ocean explorers / Dreamscape ... Read More
Available copies
- 1 of 1 copy available at LARL/NWRL Consortium.
Current holds
0 current holds with 1 total copy.
Show Only Available Copies
| Location | Call Number / Copy Notes | Barcode | Shelving Location | Status | Due Date |
|---|---|---|---|---|---|
| Roseau Public Library | DVD j BAB (Text) | 35500006390676 | Main | Available | - |
Record details
- Physical Description: 2 videodiscs (242 min.) : sound, color ; 4 3/4 in.
- Publisher: Holland, Ohio: Dreamscape Media, [2024]
Content descriptions
| General Note: | Title from container. Wide screen. Originally broadcast as single episodes of a television program in 2023. |
| Formatted Contents Note: | Disc 1 -- Disc 2. |
| Creation/Production Credits Note: | Directed by Ross Venokur ; produced and written by ... Read More |
| Participant or Performer Note: | Tara Sands, Ogie Banks, Brock F. Powell, Stephanie ... Read More |
| Summary, etc.: | The Explorers teach a variety of topics from early ... Read More |
| Target Audience Note: | Rating: Not rated. |
| System Details Note: | DVD, wide screen. |
| Language Note: | Closed-captioned. |
Search for related items by subject
| LDR | 04179cgm a2200973 i 4500 | ||
|---|---|---|---|
| 001 | 463273 | ||
| 003 | LARL_NWRL_CONSORTIUM | ||
| 005 | 20250515092917.0 | ||
| 008 | 240724p20242023ohu242 j vaeng d | ||
| 007 | vd cvaizq | ||
| 040 | . | ‡aTEFMT ‡beng ‡erda ‡cTEFMT ‡dTEF ‡dOCLCO ‡dIK2 ‡dYEQ ‡dOCLCO ‡dKYC ‡dFAYTV ‡dOCLCO | |
| 019 | . | ‡a1465430829 | |
| 024 | 1 | . | ‡a810157461698 |
| 028 | 4 | 2. | ‡a16835976 |
| 035 | . | ‡a(OCoLC)1449656075 ‡z(OCoLC)1465430829 | |
| 037 | . | ‡bMidwest Tape ‡nhttp://www.midwesttapes.com | |
| 041 | 1 | . | ‡aeng ‡peng ‡heng |
| 046 | . | ‡k2024 ‡2edtf | |
| 082 | 0 | 4. | ‡a791.45/75 ‡223/eng/20240729 |
| 245 | 0 | 0. | ‡aBaby Einstein. ‡pOcean explorers / ‡cDreamscape presents ; directed by Ross Venokur ; produced by Ross Venokur and Jason Venokur ; written by Ross Venokur and Jason Venokur |
| 246 | 3 | 0. | ‡aOcean explorers |
| 264 | 1. | ‡aHolland, Ohio: ‡bDreamscape Media, ‡c[2024] | |
| 300 | . | ‡a2 videodiscs (242 min.) : ‡bsound, color ; ‡c4 3/4 in. | |
| 306 | . | ‡a040200 | |
| 336 | . | ‡atwo-dimensional moving image ‡btdi ‡2rdacontent | |
| 337 | . | ‡avideo ‡bv ‡2rdamedia | |
| 338 | . | ‡avideodisc ‡bvd ‡2rdacarrier | |
| 340 | . | ‡b4 3/4 in. | |
| 340 | . | ‡gpolychrome ‡2rdacc | |
| 341 | 0 | . | ‡aauditory ‡bcaptions ‡2sapdv |
| 341 | . | ‡aauditory ‡bcaptions ‡2sapdv | |
| 344 | . | ‡adigital ‡2rdatr | |
| 344 | . | ‡boptical ‡2rdarm | |
| 345 | . | ‡dwide screen ‡2rdaar | |
| 346 | . | ‡alaser optical ‡bNTSC ‡2rda | |
| 347 | . | ‡avideo file ‡2rdaft | |
| 347 | . | ‡bDVD video | |
| 380 | . | ‡aTelevision programs ‡2lcgft | |
| 385 | . | ‡ajuvenile ‡2marctarget | |
| 532 | 1 | . | ‡aClosed captioning in English. |
| 538 | . | ‡aDVD, wide screen. | |
| 546 | . | ‡aClosed-captioned. | |
| 500 | . | ‡aTitle from container. | |
| 511 | 1 | . | ‡aTara Sands, Ogie Banks, Brock F. Powell, Stephanie Lemelin, Cassandra Morris. |
| 500 | . | ‡aWide screen. | |
| 521 | 8 | . | ‡aRating: Not rated. |
| 520 | . | ‡aThe Explorers teach a variety of topics from early childhood development concepts, like cooperative play and manners, to animals in their native habitats. | |
| 500 | . | ‡aOriginally broadcast as single episodes of a television program in 2023. | |
| 505 | 0 | . | ‡aDisc 1 -- Disc 2. |
| 508 | . | ‡aDirected by Ross Venokur ; produced and written by Ross Venokur and Jason Venokur. | |
| 650 | 0. | ‡aChild development ‡vJuvenile films. | |
| 650 | 0. | ‡aEtiquette for children and teenagers ‡vJuvenile films. | |
| 650 | 0. | ‡aMarine animals ‡vJuvenile films. | |
| 650 | 1. | ‡aChild development ‡vDrama | |
| 650 | 1. | ‡aEtiquette for children and teenagers ‡vDrama. | |
| 650 | 1. | ‡aMarine animals ‡vDrama. | |
| 650 | 7. | ‡aChild development ‡2fast ‡0(LARL_NWRL_CONSORTIUM)16319 | |
| 650 | 7. | ‡aEtiquette for children and teenagers ‡2fast ‡0(LARL_NWRL_CONSORTIUM)19652 | |
| 650 | 7. | ‡aMarine animals ‡2fast ‡0(LARL_NWRL_CONSORTIUM)25104 | |
| 655 | 0. | ‡aAnimated television programs. ‡0(LARL_NWRL_CONSORTIUM)175705 | |
| 655 | 0. | ‡aChildren's television programs. ‡0(LARL_NWRL_CONSORTIUM)175766 | |
| 655 | 0. | ‡aVideo recordings for the hearing impaired. ‡0(LARL_NWRL_CONSORTIUM)175744 | |
| 655 | 7. | ‡aVideo recordings for the hearing impaired ‡2fast ‡0(LARL_NWRL_CONSORTIUM)175744 | |
| 655 | 7. | ‡aVideo recordings for the hearing impaired. ‡2lcgft ‡0(LARL_NWRL_CONSORTIUM)175744 | |
| 655 | 7. | ‡aAnimated television programs. ‡2lcgft ‡0(LARL_NWRL_CONSORTIUM)175705 | |
| 655 | 7. | ‡aFiction television programs. ‡2lcgft ‡0(LARL_NWRL_CONSORTIUM)175627 | |
| 655 | 7. | ‡aFiction films. ‡2lcgft ‡0(LARL_NWRL_CONSORTIUM)175626 | |
| 655 | 7. | ‡aChildren's television programs. ‡2lcgft ‡0(LARL_NWRL_CONSORTIUM)175766 | |
| 700 | 1 | . | ‡aVenokur, Ross, ‡efilm director, ‡efilm producer, ‡escreenwriter. ‡0(LARL_NWRL_CONSORTIUM)125861 |
| 700 | 1 | . | ‡aVenokur, Jason, ‡efilm producer, ‡escreenwriter. |
| 700 | 1 | . | ‡aSands, Tara, ‡evoice actor. ‡0(LARL_NWRL_CONSORTIUM)210477 |
| 700 | 1 | . | ‡aBanks, Ogie, ‡evoice actor. |
| 700 | 1 | . | ‡aPowell, Brock F., ‡evoice actor. |
| 710 | 2 | . | ‡aDreamscape Media, ‡epublisher, ‡epresenter. |
| 901 | . | ‡a463273 ‡bAUTOGEN ‡c463273 ‡tbiblio | |

Add to basket
Permalink
Disable Highlighting